<?xml version="1.0" encoding="UTF-8"?>
<marc:record xmlns:marc="http://www.loc.gov/MARC21/slim">
   <marc:leader>00000nam a2200000 a 4500</marc:leader>
   <marc:datafield ind1="1" ind2=" " tag="100">
      <marc:subfield code="a">Taane, Theo von</marc:subfield>
      <marc:subfield code="4">aut</marc:subfield>
      <marc:subfield code="e">Verfasser/-in</marc:subfield>
   </marc:datafield>
   <marc:datafield ind1=" " ind2=" " tag="653">
      <marc:subfield code="a">Humor</marc:subfield>
   </marc:datafield>
   <marc:datafield ind1=" " ind2=" " tag="653">
      <marc:subfield code="a">Lachen</marc:subfield>
   </marc:datafield>
   <marc:datafield ind1=" " ind2=" " tag="653">
      <marc:subfield code="a">Quiz</marc:subfield>
   </marc:datafield>
   <marc:datafield ind1=" " ind2=" " tag="653">
      <marc:subfield code="a">Schulkinder</marc:subfield>
   </marc:datafield>
   <marc:datafield ind1=" " ind2=" " tag="653">
      <marc:subfield code="a">minecraft</marc:subfield>
   </marc:datafield>
   <marc:datafield ind1=" " ind2=" " tag="653">
      <marc:subfield code="a">Softcover / Kinder- und Jugendbücher/Jugendbücher ab 12 Jahre</marc:subfield>
   </marc:datafield>
   <marc:datafield ind1=" " ind2=" " tag="653">
      <marc:subfield code="a">Jugendbücher ab 12 Jahre</marc:subfield>
   </marc:datafield>
   <marc:datafield ind1="0" ind2="0" tag="245">
      <marc:subfield code="a">Das Minecraft Quizbuch</marc:subfield>
   </marc:datafield>
   <marc:datafield ind1="0" ind2="0" tag="245">
      <marc:subfield code="b">Inoffizielles Minecraft Buch (Lustig, Rätsel, Quiz, Raten, Lachen, witzig; inoffizielle Minecraft Bücher) (Minecraft für Kinder, Minecraft Humor, Minecraft deutsch, Minecraft Buch. Minecraft Bücher, Pixel Gun, pixelgun, Mojang, bauen, Spiel, Steve, creepe</marc:subfield>
   </marc:datafield>
   <marc:datafield ind1="0" ind2="0" tag="245">
      <marc:subfield code="c">Theo von Taane</marc:subfield>
   </marc:datafield>
   <marc:datafield ind1=" " ind2="1" tag="264">
      <marc:subfield code="a">Norderstedt</marc:subfield>
      <marc:subfield code="b">Books on Demand</marc:subfield>
      <marc:subfield code="c">2016</marc:subfield>
   </marc:datafield>
   <marc:datafield ind1=" " ind2=" " tag="250">
      <marc:subfield code="a">1. Auflage</marc:subfield>
   </marc:datafield>
   <marc:datafield ind1="1" ind2=" " tag="520">
      <marc:subfield code="a">Angaben aus der Verlagsmeldung

Das Minecraft Quizbuch : Inoffizielles Minecraft Buch (Lustig, Rätsel, Quiz, Raten, Lachen, witzig; inoffizielle Minecraft Bücher) (Minecraft für Kinder, Minecraft Humor, Minecraft deutsch, Minecraft Buch. Minecraft Bücher, Pixel Gun, pixelgun, Mojang, bauen, Spiel, Steve, creeper, herobrine, ghast) / von Theo von Taane

Quizfans aufgepasst!
Das tolle Quizbuch mit vielen spannenden Minecraft Quizfragen ist endlich da!
Tauche ein in eine Welt voller interessanter Fragen und verschiedener Antwortmöglichkeiten mit Lösungen zum Nachdenken oder einfach zum Raten!
Wie gut kennst du Minecraft? Addiere deine erreichten Punkte und lies deinen Expertengrad an der Skala ab. Vergleiche die Ergebnisse mit denen deiner Freunde!
Viel Spaß beim Quizraten mit diesem besonderen Buch aus der beliebten Minecraft Humorreihe!
</marc:subfield>
   </marc:datafield>
   <marc:datafield ind1=" " ind2=" " tag="020">
      <marc:subfield code="a">9783839130797</marc:subfield>
      <marc:subfield code="9">9783839130797</marc:subfield>
   </marc:datafield>
   <marc:datafield ind1=" " ind2=" " tag="020">
      <marc:subfield code="a">3839130794</marc:subfield>
      <marc:subfield code="9">3839130794</marc:subfield>
   </marc:datafield>
   <marc:datafield ind1=" " ind2=" " tag="041">
      <marc:subfield code="a">ger</marc:subfield>
   </marc:datafield>
   <marc:datafield ind1=" " ind2=" " tag="300">
      <marc:subfield code="a">60 Seiten</marc:subfield>
   </marc:datafield>
</marc:record>
